00356pab a2200133 454500008004000000100002400040245004900064260000900113300001100122362001100133650003300144650002500177773002000202180718b1997 xxu||||| |||| 00| 0 eng d aJayaswal, Sudhanshu aJournalism education in India: an assessment c1997 ap.8-12 a15 Sep aJournalist education - India aJournalist education aUniversity News